01097cam a22002892 b450000100090000000300040000900500170001300600190003000700150004900800410006402000180010502000650012302400180018803500260020603700250023204000190025708200200027610000300029621000560032624500790038226000370046144000440049850600430054252100390058577300500062485601330067410192253OSt20150408114202.0m d cr n 120614e20121113njua s|||||||| 2|eng|d a9781461449263 a146144926X (Trade Paper)cUSD 39.95 Retail Price (Publisher)3 a9781461449263 a(WaSeSS)ssj0000796992 a146144926Xb00024965 aBIP USdWaSeSS 222a004.67bBMQ1 aBestehorn, MarkuseAuthor10aQuerying Moving Objects Detected by Sensor Networks10aQuerying Moving Objects Detected by Sensor Networksh[electronic resource] aNew York : bSpringercNov. 2012 0aSpringerBriefs in Computer Science Ser. aLicense restrictions may limit access. aScholarly & ProfessionalbSpringer 0tSpringerLink ebooks - Computer Science (2013)40uhttp://www.columbia.edu/cgi-bin/cul/resolve?clio10192253zFull text available from SpringerLink ebooks - Computer Science (2013)